000
00276nam a2200109Ia 4500
008
231129s9999||||xx |||||||||||||| ||spa||
082
_a
ER- 590
100
_a
Torres Giraldo Ignacio
245
0
_a
Los inconformes 5
264
_a
Bogotá D.E.: UNINCCA 1974
942
_2
ddc
_c
BKS
999
_c
19755
_d
19755